00319nam a2200109Ia 4500008004100000245007200041260004900113260000900162300001000171500001200181650001600193170224s9999 xx 000 0 und d 2aA closer look at the hedonics of everyday meaning and satisfaction. bJournal of Personality and Social Psychology c2016 a111:4 aOctober xPsychology.